| 000 | 01273nam a2200253Ia 4500 | ||
|---|---|---|---|
| 003 | Ost | ||
| 005 | 20260507075650.0 | ||
| 008 | 260507s9999||||xx |||||||||||||| ||und|| | ||
| 020 | _a4039329957 | ||
| 040 | _cfsecg | ||
| 041 | _aara | ||
| 082 | _a519.5 | ||
| 100 |
_aالقاضي، دلال _eمؤلف |
||
| 245 | 0 |
_aالإحصاء للإداريين والإقتصاديين / _c دلال القاضي |
|
| 260 |
_aعمان: _bدار الحامد للنشر والتوزيع, _c2005 |
||
| 300 |
_a343 صفحة؛ _bإيضاحات ؛ _c24 سم |
||
| 504 | _aالملاحق ص.350 المراجع ص. 375 | ||
| 520 | _aالمقدمة ووصف البيانات- مقاييس النزعة والتشتت- الإنحدار والإرتباط الخطي البسيط- الإحتمال والمتغير العشوائي- توزيعات المعاينة- التقدير واختبار الفرضيات- تحليل التباين- الطرق اللامعيارية- الارقام القياسية والسلاسل الزمنية. | ||
| 653 | _aالإحصاء | ||
| 653 | _aالإدارة- الطرق الإحصائية | ||
| 653 | _aالإقتصاد- الطرق الإحصائية | ||
| 700 |
_aعبد الله، سهيلة _eمؤلف ثانوي |
||
| 942 | _cكتاب | ||
| 999 |
_c45580 _d45580 |
||